000 00257nam a2200097Ia 4500
001 673338
005 20250826160901.0
008 250824s9999 xx 000 0 und d
245 0 _aDÖNÜŞÜM ANTİK YENİ
_cFRANZ KAFKA
260 _bANTİK DÜNYA KLASİKLERİ
999 _c673338
_d673338